000 00411nam a2200109Ia 4500
008 171204s9999 xx 000 0 und d
245 _aEfficient Management Of Wastewater From Manufacturing: New Treatment Technologies
245 _cVictor M. Monsalvo
260 _c2015
650 _xHygiene & Sanitation with Emphasis on Waste Management
856 _uhttp://down.ebook777.com/014/EffManOfWasFroManNewTreTec.pdf
999 _c346824
_d346824